00288cam a22000857a 4500008004000000100002200040245006200062260006800124300001000192180718b1992 xxu||||| |||| 00| 0 eng d aSharma, Ramvilash aSwadhinta sangram badelte pariprekshyaicRamvilash Sharma aDelhi vishvvidhyalyabHindi Madhyam Karyanvay Nedeshalayac1992 a252p.